Proyecto Educación alimentaria y nutricional en Escuelas de Educación Básica primer ciclo Guia de Capacitación para Docentes de las Escuela de Educación Básica TCP/DOM (Record no. 8532)

MARC details
000 -LEADER
campo de control de longitud fija 00540nam a2200145Ia 4500
001 - NÚMERO DE CONTROL
campo de control 1070
008 - DATOS DE LONGITUD FIJA--INFORMACIÓN GENERAL
campo de control de longitud fija 241024s9999 xx 000 0 und d
082 ## - NÚMERO DE LA CLASIFICACIÓN DECIMAL DEWEY
Número de clasificación RD/373.97293/R426pro/1
100 ## - ENTRADA PRINCIPAL--NOMBRE DE PERSONA
Nombre de persona República Dominicana.Secretaria de Estado de Educación
245 #0 - MENCIÓN DEL TÍTULO
Título Proyecto Educación alimentaria y nutricional en Escuelas de Educación Básica primer ciclo Guia de Capacitación para Docentes de las Escuela de Educación Básica TCP/DOM
260 ## - PUBLICACIÓN, DISTRIBUCIÓN, ETC.
Nombre del editor, distribuidor, etc. Santo Domingo
Fecha de publicación, distribución, etc. 2009
590 ## - NOTA LOCAL (RLIN)
Nota local si
901 ## - ELEMENTOS DE DATOS A LOCAL LDA (RLIN)
a 28/12/2010 8:26:34 a.m.

No items available.

© 2024. Todos los Derechos Reservados. Desarrollado por IDEICE